00938nam a2200241 i 4500003000400000005001700004008004100021020003800062040002500100082001200125100002800137245004400165264003500209264001100244300004700255336002100302337002500323338002300348490001900371520026500390650001900655830002200674OSt20241113153216.0241113t20142014nyuo er 000 0deng d a9781615646487cRM21.20qpaperback aPPAKbengcPPAKdrda04223a6401 aAldred, Cyndy,eauthor.10aOrganizing Your Life /cby Cyndy Aldred 1aNew York :bAlpha Books,c2014 4c©20141 ax, 278 pages :bcolor photographs ;c24 cm atext2rdacontent aunmediated2rdamedia avolume2rdacarrier1 aIDIOT'S GUIDES aGetting organized starts with approaching your home and your stuff differently, with a creating mind-set, arranging what you want to keep in a better way, and passing along what you really don't need anymore. Aldred helps you clear away the clutter-- for good!10aHome economics 0aIdiot’s guides.